| 000 | 00389 a2200157 4500 | ||
|---|---|---|---|
| 999 |
_c320984 _d320984 |
||
| 001 | 85911 | ||
| 003 | NUST | ||
| 005 | 20180121180122.0 | ||
| 008 | 180121b xxu||||| |||| 00| 0 eng d | ||
| 020 | _a0070991545 | ||
| 082 | _a658 PUT | ||
| 100 |
_aJoseph M Putti _99387 |
||
| 245 |
_aManagement : a functional approach _hEnglish |
||
| 250 | _a1st | ||
| 260 |
_aNEW YORK _bMcGraw Hill _c1991 |
||
| 300 | _aviii 520 p. | ||
| 500 | _aGifted By AM Masood Akhtar | ||
| 942 |
_acaenust _cBK _k658 PUT _2ddc |
||